00669nam a2200205Ia 4500008004100000020001500041082001400056100001300070245003900083250000800122260002500130300001300155500002400168650001200192700003100204942000700235952010300242952010300345999001500448230524s9999 xx 000 0 und d a8173191026 a4.16bBAS aD.K.Basu 0aComputer Systems And Data Analysis a2ND aLONDONbNarosac2005 aXVII;433 aQuantity Number: 2 aComp-Sc a" M.Nasipuri ,M. Kundu,,," cBK 00104070aTATCLbTATCLcGENd2023-05-24l0o004.16 BASp6334r2023-05-24w2023-05-24yBKzBE2105 00104070aTATCLbTATCLcGENd2023-05-24l0o004.16 BASp6335r2023-05-24w2023-05-24yBKzBE2105 c6384d6384